| 000 | 01512cam a2200373 a 4500 | ||
|---|---|---|---|
| 001 | 15737954 | ||
| 003 | EG-ScBUE | ||
| 005 | 20211220104758.0 | ||
| 008 | 090514s2010 enk f 000 1 eng d | ||
| 020 | _a0007230206 | ||
| 020 | _a 9780007230204 | ||
| 040 |
_aDLC _beng _erda _cDLC _dDLC _dEG-ScBUE |
||
| 043 | _ae-uk--- | ||
| 082 | 0 | 4 |
_a823.914 _bMAN _222 |
| 100 | 1 |
_aMantel, Hilary, _d1952- _eauthor. _924768 |
|
| 245 | 1 | 0 |
_aWolf Hall / _cHilary Mantel. |
| 264 | 1 |
_aLondon : _bFourth Estate, _c2010. |
|
| 300 |
_axvii, 653 pages ; _c25 cm |
||
| 336 |
_2rdacontent _atext _btxt |
||
| 337 |
_2rdamedia _aunmediated _bn |
||
| 338 |
_2rdacarrier _avolume _bnc |
||
| 500 | _a"A John Macrae book." | ||
| 586 | _aThe Man Booker Prize, 2009. | ||
| 600 | 1 | 7 |
_aCromwell, Thomas, _cEarl of Essex, _d1485?-1540 _vFiction. _2BUEsh _924769 |
| 650 | _2BUEsh | ||
| 651 | 7 |
_aGreat Britain _xHistory _yHenry VIII, 1509-1547 _vFiction. _924770 _2BUEsh |
|
| 653 |
_cJune2011 _bHHUUEENN |
||
| 655 | 7 |
_aHistorical fiction. _2gsafd _vReading book |
|
| 856 | 4 | 2 |
_3Contributor biographical information _uhttp://www.loc.gov/catdir/enhancements/fy0912/2009019912-b.html |
| 856 | 4 | 2 |
_3Publisher description _uhttp://www.loc.gov/catdir/enhancements/fy0912/2009019912-d.html |
| 856 | 4 | 1 |
_3Sample text _uhttp://www.loc.gov/catdir/enhancements/fy1001/2009019912-s.html |
| 942 |
_2ddc _cBB |
||
| 999 |
_c15556 _d15556 |
||